[Event "Pardubice Region-chT 2223"]
[Site "Czech Republic"]
[Date "2022.12.11"]
[Round "5.3"]
[White "Vaclavik, Patrik"]
[Black "Houska, Bronislav"]
[Result "1/2-1/2"]
[WhiteElo "1830"]
[BlackElo "1977"]
[PlyCount "141"]
[EventDate "2022.10.09"]
[EventType "team-tourn"]
[EventRounds "11"]
[EventCountry "CZE"]
[SourceTitle "EXT 2024"]
[Source "ChessBase"]
[SourceDate "2023.10.10"]
[SourceVersion "1"]
[SourceVersionDate "2023.10.10"]
[SourceQuality "1"]

1. d4 d6 2. Bf4 g6 3. Nc3 Bg7 4. e4 c6 5. Qd2 Nf6 6. h4 h5 7. 0-0-0 0-0 8. f3 Qa5 9. Kb1 e5 10. dxe5 dxe5 11. Bg5 Be6 12. Bxf6 Bxf6 13. Nd5 Qd8 14. Nxf6+ Qxf6 15. Be2 Nd7 16. g4 hxg4 17. fxg4 Rfd8 18. g5 Qf2 19. Rf1 Qd4 20. Qxd4 exd4 21. Nf3 c5 22. Nd2 Ne5 23. b3 Rd6 24. Bd3 Rc8 25. h5 c4 26. bxc4 Bxc4 27. hxg6 Rxg6 28. Nxc4 Nxc4 29. Rf2 Rxg5 30. Rfh2 Kf8 31. Rh8+ Rg8 32. R8h7 Rc7 33. Rf1 Ne5 34. Rf5 Nxd3 35. cxd3 Rg1+ 36. Kb2 Rg2+ 37. Kb3 Rc3+ 38. Kb4 Rb2+ 39. Ka4 Rxa2+ 40. Kb4 Rb2+ 41. Ka4 b5+ 42. Rxb5 Rxb5 43. Kxb5 Rxd3 44. Kc4 Rd1 45. Rh6 d3 46. Kc3 d2 47. Ra6 Re1 48. Kxd2 Rxe4 49. Rxa7 Kg7 50. Ra3 Kg6 51. Rg3+ Kf5 52. Kd3 Re7 53. Rf3+ Kg4 54. Rf6 Kg5 55. Rf1 f6 56. Rg1+ Kh4 57. Rf1 Re6 58. Kd4 Kg4 59. Kd5 Re5+ 60. Kd4 Rf5 61. Rg1+ Kh3 62. Ke4 Rf2 63. Ke3 Rf5 64. Ke4 Rg5 65. Rf1 Re5+ 66. Kf4 Kg2 67. Ra1 Re2 68. Ra5 Rf2+ 69. Kg4 Rb2 70. Rf5 Rb4+ 71. Kh5 1/2-1/2

[Event "CZE-chT2D 1920"]
[Site "Czech Republic"]
[Date "2020.02.23"]
[Round "9.7"]
[White "Houska, Bronislav"]
[Black "Netusil, Jakub"]
[Result "0-1"]
[WhiteElo "1992"]
[BlackElo "1937"]
[PlyCount "132"]
[EventDate "2019.10.13"]
[EventType "team-tourn"]
[EventRounds "11"]
[EventCountry "CZE"]
[SourceTitle "EXT 2024"]
[Source "ChessBase"]
[SourceDate "2023.10.10"]
[SourceVersion "1"]
[SourceVersionDate "2023.10.10"]
[SourceQuality "1"]
[WhiteTeam "Policka Stefanydes"]
[BlackTeam "Vysoke Myto"]
[WhiteTeamCountry "CZE"]
[BlackTeamCountry "CZE"]

1. g3 d5 2. Nf3 Nf6 3. Bg2 c6 4. 0-0 Bf5 5. b3 e6 6. Bb2 Be7 7. d3 0-0 8. Nbd2 a5 9. a3 Na6 10. Ne5 Nc5 11. Rc1 Nfd7 12. e4 Bg6 13. f4 Nxe5 14. Bxe5 f6 15. Bb2 dxe4 16. dxe4 Qb6 17. Bd4 Rad8 18. Be3 Qc7 19. Qe2 e5 20. f5 Bf7 21. Rcd1 Nd7 22. a4 Bc5 23. g4 Bxe3+ 24. Qxe3 Qb6 25. Kf2 Rfe8 26. Rfe1 Kf8 27. Bf1 Qxe3+ 28. Kxe3 Nb6 29. Nf3 h6 30. h4 Ke7 31. Be2 c5 32. Bb5 Rg8 33. g5 Rxd1 34. Rxd1 hxg5 35. hxg5 Rh8 36. g6 Be8 37. Bxe8 Kxe8 38. Rd6 Nc8 39. Rd5 b6 40. Rd2 Ke7 41. Rh2 Rxh2 42. Nxh2 c4 43. Nf1 Nd6 44. Nd2 Kd7 45. Nb1 Kc6 46. Nc3 Kc5 47. Kf3 Kd4 48. Ne2+ Kc5 49. Nc3 cxb3 50. cxb3 Kd4 51. Nd5 Nxf5 52. Nxf6 Nh4+ 53. Kg4 Nxg6 54. Nd7 Kxe4 55. Nxb6 Ne7 56. Nc4 Nc6 57. Nd6+ Kd3 58. Kf5 Kc3 59. Ne8 Kxb3 60. Nxg7 Kxa4 61. Ke4 Kb3 62. Ne6 Kc4 63. Nc7 a4 64. Nd5 a3 65. Ne3+ Kb3 66. Kd3 a2 0-1

[Event "Litomysl op 20th"]
[Site "Litomysl"]
[Date "2019.12.27"]
[Round "3"]
[White "Houska, Bronislav"]
[Black "Benci, Rudolf"]
[Result "1-0"]
[WhiteElo "1989"]
[BlackElo "1679"]
[PlyCount "89"]
[EventDate "2019.12.26"]
[EventType "swiss"]
[EventRounds "9"]
[EventCountry "CZE"]
[SourceTitle "CBM 194 Extra"]
[Source "ChessBase"]
[SourceDate "2020.03.31"]
[SourceVersion "1"]
[SourceVersionDate "2020.03.31"]
[SourceQuality "1"]

1. c4 c6 2. g3 d5 3. Nf3 Nf6 4. Bg2 e6 5. 0-0 Nbd7 6. d4 Be7 7. Qc2 0-0 8. Nbd2 Rb8 9. b3 b5 10. e4 dxe4 11. Nxe4 Bb7 12. Bf4 Rc8 13. Rfd1 Nxe4 14. Qxe4 Nf6 15. Qe2 Bd6 16. Bxd6 Qxd6 17. cxb5 cxb5 18. Qxb5 Ba6 19. Qe5 Qc6 20. Qe3 Bb7 21. Rac1 Qd5 22. Ne1 Qd7 23. Bxb7 Qxb7 24. Rc5 Ne4 25. Rc4 Nd6 26. Rxc8 Rxc8 27. Rc1 Rd8 28. Qf3 Qd7 29. Qc6 Kf8 30. Nf3 f6 31. Kf1 Ke7 32. Ke2 Rc8 33. Qxd7+ Kxd7 34. Rxc8 Kxc8 35. Kd3 Kb7 36. Nd2 Kc6 37. Ne4 Nf5 38. Kc4 Ne7 39. b4 Nc8 40. b5+ Kb6 41. Kb4 f5 42. Nc5 Nd6 43. a4 g6 44. a5+ Kc7 45. Nxe6+ 1-0

[Event "Litomysl op 20th"]
[Site "Litomysl"]
[Date "2018.12.30"]
[Round "7"]
[White "Burnett, Andrew"]
[Black "Houska, Bronislav"]
[Result "1/2-1/2"]
[WhiteElo "2140"]
[BlackElo "2043"]
[PlyCount "95"]
[EventDate "2018.12.26"]
[EventType "swiss"]
[EventRounds "9"]
[EventCountry "CZE"]
[SourceTitle "CBM 188 Extra"]
[Source "ChessBase"]
[SourceDate "2019.02.26"]
[SourceVersion "1"]
[SourceVersionDate "2019.02.26"]
[SourceQuality "1"]

1. d4 d6 2. e4 Nf6 3. Nc3 g6 4. Nf3 Bg7 5. h3 c6 6. Be3 Qc7 7. Qd2 Nbd7 8. Bd3 e5 9. 0-0 0-0 10. Rfe1 Re8 11. a4 Nf8 12. b4 Nh5 13. d5 Nf4 14. Bf1 f5 15. exf5 Bxf5 16. Bxf4 exf4 17. Nd4 Bxd4 18. Qxd4 Qg7 19. Qxg7+ Kxg7 20. dxc6 bxc6 21. b5 Rxe1 22. Rxe1 cxb5 23. Re7+ Kh6 24. axb5 Bxc2 25. Nd5 Kg5 26. g3 fxg3 27. fxg3 Bb3 28. h4+ Kh6 29. Bg2 Bxd5 30. Bxd5 Rb8 31. Bc6 g5 32. hxg5+ Kxg5 33. Rxa7 Ne6 34. Rb7 Rxb7 35. Bxb7 Kf6 36. Bd5 Nc5 37. b6 Nd7 38. b7 Ke5 39. Bg8 h6 40. Kh2 d5 41. Kh3 d4 42. Bh7 Kd6 43. Bf5 Nb8 44. Kh4 Kc7 45. Be4 Nd7 46. Kg4 Nc5 47. Kf4 d3 48. Bxd3 1/2-1/2

[Event "CZE-chT2D 1819"]
[Site "Czech Republic"]
[Date "2018.12.02"]
[Round "4.4"]
[White "Trhal, Tomas"]
[Black "Houska, Bronislav"]
[Result "1/2-1/2"]
[WhiteElo "2078"]
[BlackElo "2011"]
[PlyCount "28"]
[EventDate "2018.10.14"]
[EventType "team-tourn"]
[EventRounds "11"]
[EventCountry "CZE"]
[SourceTitle "EXT 2022"]
[Source "ChessBase"]
[SourceDate "2021.10.06"]
[SourceVersion "1"]
[SourceVersionDate "2021.10.06"]
[SourceQuality "1"]
[WhiteTeam "Chrudim"]
[BlackTeam "Policka Stefanydes"]
[WhiteTeamCountry "CZE"]
[BlackTeamCountry "CZE"]

1. Nf3 d6 2. g3 g6 3. Bg2 Bg7 4. 0-0 c5 5. d4 cxd4 6. Nxd4 Nf6 7. c4 a6 8. Nc3 0-0 9. b3 Nc6 10. Nxc6 bxc6 11. Bb2 Qc7 12. Rc1 Bg4 13. h3 Bd7 14. Qd2 Rab8 1/2-1/2

[Event "CZE-chT2D 1819"]
[Site "Czech Republic"]
[Date "2018.11.04"]
[Round "2.6"]
[White "Vavra, Radim"]
[Black "Houska, Bronislav"]
[Result "0-1"]
[WhiteElo "2026"]
[BlackElo "2011"]
[PlyCount "114"]
[EventDate "2018.10.14"]
[EventType "team-tourn"]
[EventRounds "11"]
[EventCountry "CZE"]
[SourceTitle "EXT 2022"]
[Source "ChessBase"]
[SourceDate "2021.10.06"]
[SourceVersion "1"]
[SourceVersionDate "2021.10.06"]
[SourceQuality "1"]
[WhiteTeam "Pardubice Rapid"]
[BlackTeam "Policka Stefanydes"]
[WhiteTeamCountry "CZE"]
[BlackTeamCountry "CZE"]

1. e4 d6 2. d4 Nf6 3. Nc3 g6 4. Be3 Bg7 5. Qd2 0-0 6. 0-0-0 c6 7. f3 b5 8. Bh6 b4 9. Nce2 Qa5 10. Kb1 Be6 11. Nc1 Nbd7 12. h4 Nb6 13. h5 Na4 14. Bxg7 Nc3+ 15. Qxc3 bxc3 16. Bxf8 Rxf8 17. hxg6 fxg6 18. Nge2 cxb2 19. Nb3 Qb4 20. Kxb2 Nd7 21. d5 cxd5 22. exd5 Bf7 23. Rd4 Qe1 24. Rdh4 Nf6 25. Ned4 Bxd5 26. Bc4 Qe5 27. f4 Qe3 28. Bxd5+ Nxd5 29. Rxh7 Nxf4 30. Nc6 Rf7 31. Rh8+ Kg7 32. Nd8 Rf5 33. g4 Rh5 34. gxh5 Kxh8 35. hxg6+ Kg7 36. Nc6 Qf3 37. Rh7+ Kxg6 38. Nbd4 Qf2 39. Rxe7 Nd3+ 40. Kc3 Ne5 41. Re6+ Kg7 42. Rxd6 Qe1+ 43. Kb3 Qb1+ 44. Kc3 Nxc6 45. Nxc6 Qxa2 46. Rd7+ Kf6 47. Nxa7 Qa5+ 48. Kb3 Qb6+ 49. Kc3 Ke6 50. Rd3 Qxa7 51. Kb2 Ke5 52. Kb3 Qa1 53. Re3+ Kd4 54. Rd3+ Ke4 55. Rc3 Qb1+ 56. Ka3 Kd4 57. Rc8 Qb7 0-1

[Event "CZE-chT2D 1718"]
[Site "Czech Republic"]
[Date "2018.03.18"]
[Round "10.6"]
[White "Houska, Bronislav"]
[Black "Ludvik, Tomas"]
[Result "1-0"]
[WhiteElo "2032"]
[BlackElo "2092"]
[PlyCount "79"]
[EventDate "2017.10.15"]
[EventType "team-tourn"]
[EventRounds "11"]
[EventCountry "CZE"]
[SourceTitle "EXT 2022"]
[Source "ChessBase"]
[SourceDate "2021.10.06"]
[SourceVersion "1"]
[SourceVersionDate "2021.10.06"]
[SourceQuality "1"]
[WhiteTeam "Policka Stefanydes"]
[BlackTeam "Polabiny III"]
[WhiteTeamCountry "CZE"]
[BlackTeamCountry "CZE"]

1. c4 e6 2. g3 d5 3. Nf3 Nf6 4. Bg2 Be7 5. 0-0 0-0 6. b3 c5 7. e3 d4 8. exd4 cxd4 9. d3 Nc6 10. Re1 Ne8 11. Ne5 Nxe5 12. Rxe5 Nc7 13. Na3 f6 14. Re4 Na6 15. Nc2 e5 16. Rh4 g6 17. Bd5+ Kh8 18. Bh6 f5 19. Bxf8 Bxh4 20. Ba3 Bf6 21. Qd2 Qc7 22. Re1 Bd7 23. f4 exf4 24. Qxf4 Qxf4 25. gxf4 Rb8 26. Bd6 Rd8 27. Be5 Kg7 28. Bxd4 Bxd4+ 29. Nxd4 Nc5 30. Re7+ Kf8 31. Rxh7 Nxd3 32. Ne2 b6 33. Rf7+ Ke8 34. Rf6 Nb4 35. Nc3 Nd3 36. Bf7+ Kf8 37. Bxg6+ Kg7 38. Rd6 Nc5 39. Bxf5 Kf7 40. Bxd7 1-0

[Event "CZE-chT2D 1718"]
[Site "Czech Republic"]
[Date "2017.12.03"]
[Round "4.5"]
[White "Valenta, Vit"]
[Black "Houska, Bronislav"]
[Result "0-1"]
[WhiteElo "2107"]
[BlackElo "2032"]
[PlyCount "108"]
[EventDate "2017.10.15"]
[EventType "team-tourn"]
[EventRounds "11"]
[EventCountry "CZE"]
[SourceTitle "EXT 2022"]
[Source "ChessBase"]
[SourceDate "2021.10.06"]
[SourceVersion "1"]
[SourceVersionDate "2021.10.06"]
[SourceQuality "1"]
[WhiteTeam "Velke Losiny"]
[BlackTeam "Policka Stefanydes"]
[WhiteTeamCountry "CZE"]
[BlackTeamCountry "CZE"]

1. b4 c6 2. c4 a5 3. b5 cxb5 4. cxb5 d5 5. a4 Bf5 6. Bb2 Nd7 7. Nf3 h6 8. d3 Ngf6 9. Nbd2 e6 10. g3 Bc5 11. Bd4 0-0 12. Bg2 Qe7 13. 0-0 Rac8 14. Nb3 Bb4 15. Bb2 Rc7 16. Rc1 Rfc8 17. Rxc7 Rxc7 18. Qa1 Ne8 19. Nfd4 Bg4 20. h3 Bh5 21. e4 Bg6 22. exd5 e5 23. b6 Nxb6 24. Nb5 Rd7 25. d6 Qe6 26. Nc1 f6 27. d4 e4 28. Ne2 Nd5 29. Nec3 Bxc3 30. Bxc3 b6 31. Bd2 Nxd6 32. Nxd6 Rxd6 33. Re1 f5 34. Bf1 Bf7 35. Bc4 Qd7 36. Bb5 Qd8 37. Rc1 Nc7 38. Be2 Ne6 39. Bb5 Kh7 40. Bc4 Nxd4 41. Be3 Nf3+ 42. Kg2 Bxc4 43. Rxc4 Rd1 44. Rc1 Rxc1 45. Qxc1 Qd7 46. Qa1 b5 47. axb5 Qxb5 48. Qa2 a4 49. Qf7 a3 50. g4 fxg4 51. hxg4 Nh4+ 52. Kg3 Ng6 53. Kg2 Qe2 54. Qd7 a2 0-1

[Event "CZE-chT2D 1617"]
[Site "Czech Republic"]
[Date "2017.04.02"]
[Round "11.5"]
[White "Houska, Bronislav"]
[Black "Netusil, Jakub"]
[Result "1-0"]
[WhiteElo "2000"]
[BlackElo "1966"]
[PlyCount "51"]
[EventDate "2016.10.09"]
[EventType "team-tourn"]
[EventRounds "11"]
[EventCountry "CZE"]
[SourceTitle "EXT 2022"]
[Source "ChessBase"]
[SourceDate "2021.10.06"]
[SourceVersion "1"]
[SourceVersionDate "2021.10.06"]
[SourceQuality "1"]
[WhiteTeam "Policka Stefanydes"]
[BlackTeam "Usti nad Orlici"]
[WhiteTeamCountry "CZE"]
[BlackTeamCountry "CZE"]

1. c4 Nf6 2. g3 g6 3. Bg2 Bg7 4. Nc3 d6 5. d3 Nbd7 6. e4 e5 7. Nge2 Nc5 8. 0-0 0-0 9. h3 Nh5 10. g4 Nf6 11. f4 exf4 12. Bxf4 Ne6 13. Be3 h5 14. Ng3 hxg4 15. hxg4 Nd7 16. d4 Qh4 17. Kf2 f5 18. exf5 gxf5 19. Bd5 Qh2+ 20. Ke1 Nf6 21. Nxf5 Re8 22. Qf3 Qxb2 23. Rc1 Nxd5 24. Nxd5 Qxc1+ 25. Bxc1 Nxd4+ 26. Nfe7+ 1-0

[Event "CZE-chT2D 1617"]
[Site "Czech Republic"]
[Date "2017.01.29"]
[Round "7.5"]
[White "Houska, Bronislav"]
[Black "Malivanek, Jiri"]
[Result "1/2-1/2"]
[WhiteElo "2000"]
[BlackElo "2146"]
[PlyCount "48"]
[EventDate "2016.10.09"]
[EventType "team-tourn"]
[EventRounds "11"]
[EventCountry "CZE"]
[SourceTitle "EXT 2022"]
[Source "ChessBase"]
[SourceDate "2021.10.06"]
[SourceVersion "1"]
[SourceVersionDate "2021.10.06"]
[SourceQuality "1"]
[WhiteTeam "Policka Stefanydes"]
[BlackTeam "Pardubice Rapid II"]
[WhiteTeamCountry "CZE"]
[BlackTeamCountry "CZE"]

1. Nf3 Nf6 2. c4 d6 3. g3 g6 4. Bg2 Bg7 5. 0-0 0-0 6. Nc3 Nbd7 7. Rb1 e5 8. b4 Re8 9. d3 Nf8 10. Qc2 Bd7 11. e3 Qc8 12. Rd1 Bh3 13. Bh1 Bg4 14. Rd2 Ne6 15. b5 Nc5 16. Ba3 Nxd3 17. Qxd3 e4 18. Qe2 Re5 19. c5 dxc5 20. Nxe5 Bxe2 21. Nxe2 Qf5 22. Nc4 g5 23. Nb2 a6 24. Rc1 b6 1/2-1/2

[Event "CZE-chT2D 1516"]
[Site "Czech Republic"]
[Date "2016.04.17"]
[Round "11.7"]
[White "Pulpan, Matej"]
[Black "Houska, Bronislav"]
[Result "0-1"]
[WhiteElo "1923"]
[BlackElo "2012"]
[PlyCount "92"]
[EventDate "2015.10.18"]
[EventType "team-tourn"]
[EventRounds "11"]
[EventCountry "CZE"]
[SourceTitle "EXT 2022"]
[Source "ChessBase"]
[SourceDate "2021.10.06"]
[SourceVersion "1"]
[SourceVersionDate "2021.10.06"]
[SourceQuality "1"]
[WhiteTeam "Polabiny III"]
[BlackTeam "Vysoke Myto"]
[WhiteTeamCountry "CZE"]
[BlackTeamCountry "CZE"]

1. e4 d6 2. d4 Nf6 3. Nc3 g6 4. Bd3 Bg7 5. h3 0-0 6. Nf3 c6 7. Be3 Qc7 8. Qd2 Nbd7 9. Bh6 e5 10. Bxg7 Kxg7 11. 0-0-0 Re8 12. g4 b5 13. Rdg1 exd4 14. Nxd4 b4 15. Nce2 c5 16. Nb5 Qc6 17. g5 Nxe4 18. Bxe4 Rxe4 19. Nxd6 Rxe2 20. Nf5+ gxf5 21. Qxe2 Qe6 22. Qf3 Rb8 23. Re1 Bb7 24. Qd3 Be4 25. Qg3 Qxa2 26. f3 Bc6 27. Qd6 Bxf3 28. Rhf1 Qd5 29. Qf4 Be4 30. Rd1 Qc4 31. Rf2 Rb7 32. Qd6 Qe6 33. Qf4 Ne5 34. h4 Ng6 35. Qe3 Qa2 36. Rd8 Qa1+ 37. Kd2 Qxb2 38. h5 Qc3+ 39. Kd1 Rd7+ 40. Rd2 Qxd2+ 41. Qxd2 Rxd2+ 42. Kxd2 Ne5 43. Rc8 Nf3+ 44. Kc1 Nd4 45. Rxc5 Nxc2 46. Rb5 h6 0-1

[Event "CZE-chT1E 1516"]
[Site "Czech Republic"]
[Date "2016.02.14"]
[Round "8.4"]
[White "Obsivac, Josef"]
[Black "Houska, Bronislav"]
[Result "1-0"]
[WhiteElo "2326"]
[BlackElo "2069"]
[PlyCount "93"]
[EventDate "2015.10.11"]
[EventType "team-tourn"]
[EventRounds "11"]
[EventCountry "CZE"]
[SourceTitle "EXT 2017"]
[Source "ChessBase"]
[SourceDate "2016.10.25"]
[SourceVersion "1"]
[SourceVersionDate "2016.10.25"]
[SourceQuality "1"]
[WhiteTeam "Grygov"]
[BlackTeam "Policka"]
[WhiteTeamCountry "CZE"]
[BlackTeamCountry "CZE"]

1. d4 d6 2. Nf3 Bg4 3. Nbd2 g6 4. h3 Bxf3 5. Nxf3 Bg7 6. Bg5 Nf6 7. e3 0-0 8. c3 c6 9. Qb3 Qc7 10. Be2 Nbd7 11. Bf4 e5 12. Bh2 Rae8 13. 0-0 Ne4 14. Rad1 a6 15. Rfe1 Re7 16. Bd3 Nef6 17. Bf1 Rfe8 18. Qc2 Qa5 19. a3 Nd5 20. c4 N5f6 21. b4 Qc7 22. c5 dxc5 23. dxe5 Nd5 24. e4 N5b6 25. bxc5 Nc8 26. e6 Ne5 27. exf7+ Kxf7 28. Bc4+ Kf8 29. Ng5 Bf6 30. f4 Bxg5 31. fxe5 Qa5 32. Ba2 Qxa3 33. Rd3 Qb4 34. Rf1+ Kg7 35. Rdf3 Qd2 36. Qb3 Qd4+ 37. Kh1 Qxc5 38. h4 Bd2 39. Rf7+ Kh8 40. Rf8+ Rxf8 41. Rxf8+ Kg7 42. Rxc8 Qc1+ 43. Bg1 Kh6 44. Qf3 Bf4 45. e6 Be5 46. g3 Qe1 47. Qe3+ 1-0